| 000 | 00690nam a22002177a 4500 | ||
|---|---|---|---|
| 999 |
_c9098 _d9098 |
||
| 001 | 9098 | ||
| 003 | BD-JhCC | ||
| 005 | 20180308132448.0 | ||
| 008 | 180308b1974 bg ||||| |||| 00| 0 ben d | ||
| 035 | _a(BD-JhCC)9098 | ||
| 040 |
_aBD-JhCC _dBD-JhCC |
||
| 041 | _aben | ||
| 082 |
_a581 _bHAS 1974 |
||
| 100 | _aহাসান, মোহাম্মদ আবুল | ||
| 245 |
_aউচ্চ মাধ্যমিক উদ্ভিদ বিজ্ঞান / _c মোহাম্মদ আবুল হাসান |
||
| 260 |
_aঢাকা: _bহাসান বুক হাউস _c1974. |
||
| 300 |
_a960 p. : _c24 cm. |
||
| 650 | _aBotany | ||
| 942 |
_2ddc _cBK |
||